000 00909nam a2200277 i 4500
003 DO-SdBNP
005 20250701074754.0
007 ta
008 250701t199u dr 000 0 spa d
040 _aDO-SdBNP
_bspa
_cBNPHU
_erda
041 _hspa
082 _axxxx
_bD542
_222
100 1 _aDíaz, Hugo
_eautor
_4aut.
_965666
245 1 0 _aResponsabilidad civil :
_bLey registro de tierras /
_cHugo Diaz
264 _a[Santo Domingo] :
_b[Editor no identificado],
_c[199-].
300 _a41, 42 páginas
_c21 cm.
336 _atexto
_btxt
_2rdacontent
337 _asin mediación
_bn
_2rdamedia
338 _avolumen
_bnc
_2rdacarrier
490 1 _aLuz ;
_v11 ;
500 _aPreguntas y respuestas.
505 _gResponsabilidad civil --
_tPreguntas y respuestas --
_gLey registro de tierras --
_tPreguntas y respuestas /
590 _aInventariado, 2025/ YL
910 _aYLockward
942 _2ddc
_cLBS1
999 _c59404
_d59404